000 00682nam a2200253Ia 4500
003 OSt
005 20220918111905.0
006 a|||||r|||| 00| 0
007 ta
008 220915b |||||||| |||| 00| 0 eng d
024 _a26454
037 _cTextbook
040 _beng
_aARTS
_cARTS
041 _aeng
082 _aO111:g, K9
100 _aGifford Henry
_910991
245 0 _aComparative literature
260 _aLondon
_bRoutledge and Kegan Paul UK
300 _axii,99p.
_ccm.
490 _aConcept of literature ed by William Righter
650 _aENGLISH LITERATURE
942 _hO111:g, K9
_cTB
_2CC
999 _c117034
_d117034